000 00251nam a2200097Ia 4500
001 1212717
005 20250827024500.0
008 250824s9999 xx 000 0 und d
245 0 _aYAŞAM BAŞKA YERDE
_cMILAN KUNDERA
260 _bİLETİŞİM YAYINLARI
999 _c1212717
_d1212717